000 01181aam a2200325 4500
001 19115
003 CO-MdFUSB
005 20190202100448.0
008 170324t1996 stk||||f |||| 00| 0 eng d
020 _a0-567-08523-6
040 _aCO-MdFUSB
_bspa
_cCO-MdFUSB
_dCO-MdFUSBC
_erda
041 _aeng
082 _224
_aG 271.12
_bB831b
100 1 _aBredero, Adriaan H.
_eautor
245 1 0 _aBernard of Clairvaux
_b: Between cult and history
_c/ Adriaan H. Bredero
264 1 _aEdinburgh, Scotland :
_bT & T Clark,
_c℗1996
264 4 _c©1996
300 _axiv, 320 páginas
_b:
_c;
336 _2rdacontent
_a1
_ba1
337 _2rdamedia
_a2
_b5
338 _2rdacarrier
_a2
_b5
500 _aTítulo original en holandés: Bernard van Clairvaux : tussen cultus en historie
501 _aIncluye índices (p. 314- 320)
504 _aBibliografía (p. 291- 313)
505 0 0 _aUna biografía de Bernard de Clairvaux - La primera hagiografía de Bernard - Una evaluación de Bernard en la historiografía y la literatura - Bernard en su propio contexto histórico
563 _aPasta dura
650 7 _aTeólogos
_2
_9233
942 _cBK
999 _c45490
_d45490